000 00649nam a2200277Ia 4500
005 20260324145548.0
008 008 260324s9999 xx 000 0 eng d
020 _a9780429265525
037 _aEBOOK
040 _aCRL
040 _beng
040 _cCRL
041 _2eng
041 _aeng
084 _qCRL
100 _aWolfgang Riehle; Bernard Standring
_91223399
245 4 _aThe Middle English Mystics
260 _bTaylor and Francis
260 _c1981
365 _a
365 _b170
856 _uhttp://www.taylorfrancis.com/books/9780429265525
942 _cEBOOK
999 _c1831484
_d1831484